00325nam a2200133Ia 450000500170000000800410001702000150005808200190007310000170009224500240010926000380013330000120017165000080018320241217012734.0240331s9999 xx 000 0 und d a0394280148 bJEA24423a823 aWinterson, J 0aWritten on the Body aTorontobGreat Movement Ltdc1992 a190 p., asex